LIBRARY & INFORMATION CENTRE, KCAET, TAVANUR

ONLINE PUBLIC ACCESS CATALOGUE (OPAC)

Development and performance evaluation of a chapati pressing machine (Record no. 15105)

MARC details
000 -LEADER
fixed length control field 00734nam a22001697a 4500
003 - CONTROL NUMBER IDENTIFIER
control field OSt
088 ## - REPORT NUMBER
Report number P 340
100 ## - MAIN ENTRY--AUTHOR NAME
Personal name AKHILA J. CHAND
-- RASMI JANARDHANAN
-- SANAD S
-- SANDHYA K. R
245 ## - TITLE STATEMENT
Title Development and performance evaluation of a chapati pressing machine
260 ## - PUBLICATION, DISTRIBUTION, ETC. (IMPRINT)
Place of publication Tavanur 2015
Name of publisher Kelappaji College of Agricultural Engineering and Technology
300 ## - PHYSICAL DESCRIPTION
Number of Pages 42
500 ## - GENERAL NOTE
General note Development and performance evaluation of a chapati pressing machine
520 ## - SUMMARY, ETC.
Summary, etc chapati pressing machine was developmed and fabricated which consists of a frame, power drive, power transmission mechanism and a pressing mechanism. electric motor. shaft.
700 ## - ADDED ENTRY--PERSONAL NAME
Personal name Dr. Prince M. V (Guide)
942 ## - ADDED ENTRY ELEMENTS (KOHA)
Koha item type Project Report

No items available.

free website counter